| 000 | 01504cam a2200313 a 4500 | ||
|---|---|---|---|
| 001 | 2016491 | ||
| 005 | 20020824204813.0 | ||
| 008 | 911126s1993 enka b 001 0 eng | ||
| 010 | _a 91042849 | ||
| 020 | _a0521363268 (hardback) | ||
| 040 |
_aDLC _cDLC _dDLC |
||
| 043 | _ad------ | ||
| 050 | 0 | 0 |
_aHD9502.D442 _bM845 1993 |
| 082 | 0 | 0 |
_a333.79091726 _222 _bMUH |
| 100 | 1 |
_aMunasinghe, Mohan, _d1945- _96480 |
|
| 245 | 1 | 0 |
_aEnergy policy analysis and modeling / _cMohan Munasinghe and Peter Meier. |
| 260 |
_aCambridge [England] ; _aNew York, NY, USA : _bCambridge University Press, _c1993. |
||
| 300 |
_axiv, 357 p. : _bill. ; _c24 cm. |
||
| 440 | 0 |
_aCambridge studies in energy and the environment _96481 |
|
| 504 | _aIncludes bibliographical references (p. 346-354) and index. | ||
| 650 | 0 |
_aEnergy policy _zDeveloping countries _xCase studies. _96482 |
|
| 650 | 0 |
_aEnergy policy _zDeveloping countries _xMathematical models. _96483 |
|
| 700 | 1 |
_aMeier, Peter, _d1942- _96484 |
|
| 856 | 4 | 2 |
_3Publisher description _uhttp://www.loc.gov/catdir/description/cam024/91042849.html |
| 856 | 4 | 1 |
_3Table of contents _uhttp://www.loc.gov/catdir/toc/cam028/91042849.html |
| 942 |
_2ddc _cBB |
||
| 999 |
_c11903 _d11903 |
||